Welcome to the Holygrace Academy Library

Please use search bar below to get started

BOUNCE BOUNCE (Record no. 3074)

MARC details
000 -LEADER
fixed length control field 00287nam a22001217a 4500
020 ## - INTERNATIONAL STANDARD BOOK NUMBER
ISBN 978-1-84535-414-5
082 ## - DEWEY DECIMAL CLASSIFICATION NUMBER
Classification number 823
Item number THO/B
100 ## - MAIN ENTRY--AUTHOR NAME
Personal name THOMSON
245 ## - TITLE STATEMENT
Title BOUNCE BOUNCE
Remainder of title BEANO ANNUAL 2011
260 ## - PUBLICATION, DISTRIBUTION, ETC. (IMPRINT)
Place of publication LONDON
Name of publisher THOMSON & CO
650 ## - SUBJECT ADDED ENTRY--TOPICAL TERM
Topical Term ENGLISH SHORT STORY
Geographic subdivision LONDON
942 ## - ADDED ENTRY ELEMENTS (KOHA)
Koha item type Books
Holdings
Withdrawn status Lost status Collection code Home library Current library Shelving location Date acquired Source of acquisition Full call number Accession Number Koha item type
    Fiction Main Library Main Library SHELF 3- D- ENGLISH CHILDRENS LITERATURE &MYTHOLOGY 05/02/2019 PURCHASE 823 THO/B 11019 Books